Statistics for Click the Thorpe Park Rides

Click here to take the quiz!

General Stats

  • This quiz has been taken 29 times
  • The average score is 17 of 24

Answer Stats

HintAnswer% Correct
DroptowerDetonator
92%
Previously hold the record for most inversionsColossus
85%
Dodgems RideKing Pig's Wild Dodgems
85%
Double Swing RideRush
85%
B&M Wing CoasterThe Swarm
85%
Used to be X:/ No Way OutThe Walking Dead: The Ride
85%
4D CinemaAngry Birds' 4D Experience
77%
Live Action Special Effects MazeBlack Mirror Labyrinth
77%
4 Lane Water RideDepth Charge
77%
Used to be Derren Brown themedGhost Train
77%
Swinging ShipMr Monkey's Banana Ride
77%
Magic Carpet RideQuantum
77%
Intamin RapidsRumba Rapids
77%
Water Ride 26m tall, opened in 2000Tidal Wave
77%
Used to be sponsored by tetleyDobble Tea Party
69%
Unreleased Mack CoasterProject Exodus
69%
Eurofighter CoasterSAW: The Ride
69%
UK's fastest coasterStealth
69%
Inverted B&M CoasterNemesis Inferno
62%
Flat Ride moved from ChessingtonSamurai
62%
Steel Powered CoasterFlying Fish
54%
Spinning Water RideStorm Surge
54%
Enterprise RideZodiac
38%
Flat Ride located in lost cityVortex
23%

Score Distribution

Percentile by Number Answered

Percent of People with Each Score

Your Score History

You have not taken this quiz